000 00394nam a2200169 i 4500
001 C2-0228196
003 PPAK
005 20180729000029.0
008 000808s xx |||| ||||| | hin d
040 _aPPAK
_beng
_cPPAK
_erda
245 0 0 _aBaadshah
336 _2rdacontent
_atext
337 _2rdamedia
_aunmediated
338 _2rdacarrier
_avolume
700 _eauthor
942 _2ddc
_cVCD
999 _c164622
_d164622